La comunidad campesina india : unidad básica de resistencia cultural (Record no. 64625)

MARC details
000 -CABECERA
campo de control de longitud fija 00628nam a2200217 a 4500
005 - FECHA Y HORA DE LA ÚLTIMA TRANSACCIÓN
campo de control 20210223123817.0
008 - ELEMENTOS DE LONGITUD FIJA--INFORMACIÓN GENERAL
campo de control de longitud fija 991125n 000 0 spa u
035 ## - NÚMERO DE CONTROL DEL SISTEMA
Número de control de sistema UPN01000068507
100 ## - ASIENTO PRINCIPAL--NOMBRE PERSONAL
Nombre de persona CISNEROS PAZ, Erasmo
9 (RLIN) 35020
222 ## - TÍTULO CLAVE
Título clave PEDAGOGIA : REVISTA DE LA UNIVERSIDAD PEDAGOGICA NACIONAL
245 ## - MENCIÓN DE TÍTULO
Título La comunidad campesina india : unidad básica de resistencia cultural
260 ## - PUBLICACIÓN, DISTRIBUCIÓN, ETC.
Lugar de publicación, distribución, etc. México
300 ## - DESCRIPCIÓN FÍSICA
Extensión 1-6
362 ## - FECHAS DE PUBLICACIÓN Y/O DESIGNACIÓN SECUENCIAL
Fecha de publicación y/o designación secuencial 1987 Vol. 4, no. 10, abr.-jun.
653 0# - TERMINO DE INDIZACION - NO CONTROLADO
Término no controlado GRUPOS INDIGENAS
653 0# - TERMINO DE INDIZACION - NO CONTROLADO
Término no controlado INI
653 0# - TERMINO DE INDIZACION - NO CONTROLADO
Término no controlado MEXICO
653 0# - TERMINO DE INDIZACION - NO CONTROLADO
Término no controlado RESISTENCIA CULTURAL
904 ## - ELEMENTOS DE DATOS D LOCAL, LDD (RLIN)
a AC
b 006318
905 ## - TIPO DE MATERIAL
Tipo de material Articulo

No items available.